[Event "HUN-chT4 2223"]
[Site "Gyor"]
[Date "2022.12.11"]
[Round "3"]
[White "Bokrossy, Bela"]
[Black "Csuri, Szilveszter"]
[Result "0-1"]
[WhiteElo "1535"]
[BlackElo "1945"]
[PlyCount "58"]
[EventDate "2022.10.09"]
[EventType "team-tourn"]
[EventRounds "7"]
[EventCountry "HUN"]
[SourceTitle "EXT 2024"]
[Source "ChessBase"]
[SourceDate "2023.10.10"]
[SourceVersion "1"]
[SourceVersionDate "2023.10.10"]
[SourceQuality "1"]
[WhiteTeam "Fertoszentmiklos"]
[BlackTeam "Gyor Bastya"]
[WhiteTeamCountry "HUN"]
[BlackTeamCountry "HUN"]

1. d4 d5 2. Bf4 e6 3. e3 Nf6 4. h3 Bd6 5. Bxd6 Qxd6 6. Bd3 Qb4+ 7. Nd2 Qxb2 8. Ne2 Qb4 9. 0-0 0-0 10. c3 Qe7 11. Rb1 b6 12. Nf3 Nbd7 13. Bb5 Bb7 14. Bxd7 Nxd7 15. Qc2 Ba6 16. Rfe1 Bxe2 17. Rxe2 c5 18. Rbe1 Nf6 19. Nd2 Rfc8 20. Qb1 Rd8 21. Qb2 Rac8 22. f3 Qd7 23. Nb3 Qb5 24. Qc2 Rc7 25. Qd1 Qa4 26. Qb1 cxd4 27. cxd4 Rdc8 28. Rc1 Rxc1+ 29. Nxc1 Qd1+ 0-1

[Event "Lakitelek Magyarok op"]
[Site "Lakitelek"]
[Date "2011.08.08"]
[Round "3"]
[White "Dolnik, Attila"]
[Black "Csuri, Szilveszter"]
[Result "1-0"]
[WhiteElo "2169"]
[BlackElo "2043"]
[PlyCount "41"]
[EventDate "2011.08.06"]
[EventType "swiss"]
[EventRounds "9"]
[EventCountry "HUN"]
[SourceTitle "CBM 144 Extra"]
[Source "ChessBase"]
[SourceDate "2011.10.28"]
[SourceVersion "1"]
[SourceVersionDate "2011.10.28"]
[SourceQuality "1"]

1. e4 c5 2. c3 Nf6 3. e5 Nd5 4. d4 cxd4 5. Nf3 Nc6 6. Bc4 Nb6 7. Bb3 d5 8. exd6 Qxd6 9. 0-0 Bf5 10. cxd4 Rd8 11. Nc3 a6 12. Re1 Na5 13. Bxf7+ Kxf7 14. Re5 e6 15. Rxa5 Nc4 16. Rxf5+ exf5 17. Qd3 Nb6 18. Qxf5+ Qf6 19. Qa5 Be7 20. Ne4 Qc6 21. Ne5+ 1-0